| 000 | 00961nam a22002417a 4500 | ||
|---|---|---|---|
| 005 | 20260421164901.0 | ||
| 008 | 260421b |||||||| |||| 00| 0 eng d | ||
| 020 | _a9789392140075 | ||
| 040 | _cAL | ||
| 041 | _aeng | ||
| 082 |
_a340.1 _bMISM |
||
| 100 |
_aO P Mishra _9262261 |
||
| 245 | _aMoot court Ed 3 | ||
| 250 | _a3 | ||
| 260 |
_aAllahabad _bCentral Law Agency _c2022 |
||
| 300 |
_axxxv,403p _bPB _c23x15.5cm |
||
| 365 |
_2Law _a1343 _b₹300.00 _c₹ _d₹400.00 _e25% _f14-03-2026 |
||
| 520 | _aTable of Contents Introduction Moot Court (Pre-Trial Preparation) Moot Court (Participation in Trial Proceedings) Skills Developed Through Moot Court Challenges in Moot Court Participation Importance of Moot Court in Legal Education and Professional Development Conclusion | ||
| 650 |
_aPre Trial Preparation and Participation in trial proceedings _9262262 |
||
| 650 |
_aCivil Cases _9262263 |
||
| 650 |
_aPleadings _9262264 |
||
| 942 |
_2ddc _cBK |
||
| 999 |
_c241319 _d241319 |
||